Toutes les communes du canton de Montaigu-Vendée (85) - Statistiques

Statistiques générales
  • Ce quiz a été pris 52 fois
  • Le résultat moyen est 5 sur 13
Réponses sur la Carte
Les réponses sont colorées sur une échelle allant du rouge au vert en fonction du pourcentage des utilisateurs qui les ont devinées à leur premier essai. Vous pouvez retrouver ces pourcentages ci-dessous.
 
Statistiques - réponses
Commune % Correct
Montaigu-Vendée
100%
Treize-Septiers
59%
La Boissière-de-Montaigu
41%
Les Brouzils
41%
Saint-Fulgent
38%
Chavagnes-en-Paillers
35%
Bazoges-en-Paillers
26%
Chauché
26%
La Copechagnière
24%
La Rabatelière
24%
Mesnard-la-Barotière
21%
Saint-André-Goule-d'Oie
21%
Vendrennes
21%
Aucun quiz correspondant
Distribution des résultats
% des personnes avec chaque résultat
Percentile par nombre de réponses
Votre historique - résultats
Vous n’avez pas pris ce quiz